Top XIs: Spartak Moscow (1956-2023) - Statistics

General Stats
  • This quiz has been taken 71 times
  • The average score is 260 of 500
Answer Stats
Hint Position Answer % Correct
2018/2019 З Георгий Джикия
95%
2019/2020 З Георгий Джикия
95%
2020/2021 З Георгий Джикия
95%
2021/2022 З Георгий Джикия
95%
2022/2023 З Георгий Джикия
95%
1986/1987 П Александр Мостовой
90%
1987/1988 П Александр Мостовой
90%
1989/1990 П Валерий Карпин
90%
1989/1990 П Александр Мостовой
90%
1990/1991 П Валерий Карпин
90%
1990/1991 П Александр Мостовой
90%
1991/1992 П Валерий Карпин
90%
1992/1993 П Валерий Карпин
90%
1993/1994 П Андрей Тихонов
90%
1994/1995 П Андрей Тихонов
90%
1995/1996 П Андрей Тихонов
90%
1996/1997 П Андрей Тихонов
90%
1996/1997 П Егор Титов
90%
1997/1998 П Андрей Тихонов
90%
1997/1998 П Егор Титов
90%
1998/1999 П Андрей Тихонов
90%
1998/1999 П Егор Титов
90%
1999/2000 П Андрей Тихонов
90%
1999/2000 П Егор Титов
90%
2000/2001 П Егор Титов
90%
2001/2002 П Егор Титов
90%
2002/2003 П Егор Титов
90%
2002/2003 Н Роман Павлюченко
90%
2003/2004 Н Роман Павлюченко
90%
2004/2005 П Егор Титов
90%
2004/2005 Н Роман Павлюченко
90%
2005/2006 П Егор Титов
90%
2005/2006 Н Роман Павлюченко
90%
2006/2007 П Егор Титов
90%
2006/2007 Н Роман Павлюченко
90%
2010/2011 З Кирилл Комбаров
90%
2010/2011 П Дмитрий Комбаров
90%
2012/2013 З Дмитрий Комбаров
90%
2012/13 (ЛЧ) З Дмитрий Комбаров
90%
2013/2014 З Дмитрий Комбаров
90%
2014/2015 З Дмитрий Комбаров
90%
2014/2015 Н Квинси Промес
90%
2015/2016 З Дмитрий Комбаров
90%
2015/2016 Н Квинси Промес
90%
2016/2017 З Дмитрий Комбаров
90%
2016/2017 Н Квинси Промес
90%
2017/2018 З Дмитрий Комбаров
90%
2017/2018 Н Квинси Промес
90%
2021/2022 Н Квинси Промес
90%
2022/2023 Н Квинси Промес
90%
1978/1979 П Фёдор Черенков
86%
1979/1980 П Фёдор Черенков
86%
1980/1981 П Фёдор Черенков
86%
1981/1982 П Фёдор Черенков
86%
1982/1983 П Фёдор Черенков
86%
1983/1984 П Фёдор Черенков
86%
1984/1985 П Фёдор Черенков
86%
1985/1986 П Фёдор Черенков
86%
1986/1987 П Фёдор Черенков
86%
1987/1988 П Фёдор Черенков
86%
1988/1989 П Фёдор Черенков
86%
1992/1993 З Виктор Онопко
86%
1993/1994 З Виктор Онопко
86%
1994/1995 З Виктор Онопко
86%
1995/1996 З Виктор Онопко
86%
2003/2004 П Александр Самедов
86%
2013/2014 П Денис Глушаков
86%
2014/2015 П Денис Глушаков
86%
2015/2016 П Денис Глушаков
86%
2016/2017 П Денис Глушаков
86%
2017/2018 П Денис Глушаков
86%
2017/2018 П Александр Самедов
86%
2018/2019 П Денис Глушаков
86%
1992/1993 П Илья Цымбаларь
81%
1993/1994 П Илья Цымбаларь
81%
1994/1995 П Илья Цымбаларь
81%
1995/1996 П Илья Цымбаларь
81%
1998/1999 П Илья Цымбаларь
81%
1999/2000 З Юрий Ковтун
81%
2000/2001 З Юрий Ковтун
81%
2002/2003 З Юрий Ковтун
81%
2006/2007 П Сантос Моцарт
81%
2007/2008 П Сантос Моцарт
81%
2010/2011 Н Артём Дзюба
81%
2012/2013 Н Артём Дзюба
81%
2016/2017 П Фернандо
81%
2017/2018 П Фернандо
81%
2018/2019 П Фернандо
81%
1976/1977 З Вадим Иванов
76%
1987/1988 З Андрей Иванов
76%
1989/1990 П Олег Иванов
76%
1990/1991 З Дмитрий Хлестов
76%
1990/1991 П Олег Иванов
76%
1991/1992 З Дмитрий Хлестов
76%
1991/1992 З Андрей Иванов
76%
1992/1993 З Андрей Иванов
76%
1992/1993 Н Влад. Бесчастных
76%
1993/1994 З Дмитрий Хлестов
76%
1993/1994 Н Влад. Бесчастных
76%
1994/1995 З Дмитрий Хлестов
76%
1995/1996 З Дмитрий Хлестов
76%
1996/1997 З Дмитрий Хлестов
76%
1996/1997 Н Александр Ширко
76%
1997/1998 З Дмитрий Хлестов
76%
1997/1998 Н Александр Ширко
76%
1998/1999 З Дмитрий Хлестов
76%
1998/1999 Н Робсон
76%
1999/2000 З Дмитрий Хлестов
76%
1999/2000 Н Александр Ширко
76%
2000/2001 Н Робсон
76%
2000/2001 Н Влад. Бесчастных
76%
2001/2002 Н Влад. Бесчастных
76%
2002/2003 П Максим Калиниченко
76%
2002/2003 П Александр Павленко
76%
2003/2004 П Александр Павленко
76%
2006/2007 П Максим Калиниченко
76%
2007/2008 З Сергей Паршивлюк
76%
2007/2008 П Александр Павленко
76%
2008/2009 З Сергей Паршивлюк
76%
2008/2009 Н Веллитон
76%
2009/2010 З Сергей Паршивлюк
76%
2009/2010 Н Веллитон
76%
2013/2014 З Сергей Паршивлюк
76%
2014/2015 З Сергей Паршивлюк
76%
2016/2017 З Илья Кутепов
76%
2016/2017 П Роман Зобнин
76%
2017/2018 З Илья Кутепов
76%
2018/2019 П Роман Зобнин
76%
2019/2020 П Роман Зобнин
76%
2020/2021 П Роман Зобнин
76%
2021/2022 П Роман Зобнин
76%
2022/2023 П Роман Зобнин
76%
1976/1977 П Евгений Ловчев
71%
1989/1990 П Дмитрий Попов
71%
1990/1991 П Дмитрий Попов
71%
1991/1992 П Дмитрий Попов
71%
1992/1993 З Юрий Никифоров
71%
1993/1994 З Юрий Никифоров
71%
1993/1994 П Дмитрий Аленичев
71%
1994/1995 З Юрий Никифоров
71%
1994/1995 П Дмитрий Аленичев
71%
1995/1996 З Юрий Никифоров
71%
1995/1996 П Дмитрий Аленичев
71%
1996/1997 З Дмитрий Ананко
71%
1996/1997 П Дмитрий Аленичев
71%
1996/1997 П Валерий Кечинов
71%
1997/1998 З Дмитрий Ананко
71%
1997/1998 П Дмитрий Аленичев
71%
1998/1999 З Дмитрий Ананко
71%
1998/1999 П Василий Баранов
71%
1999/2000 П Василий Баранов
71%
2000/2001 П Василий Баранов
71%
2001/2002 З Дмитрий Ананко
71%
2001/2002 П Василий Баранов
71%
2003/2004 З Неманья Видич
71%
2003/2004 П Дмитрий Аленичев
71%
2004/2005 З Неманья Видич
71%
2004/2005 П Радослав Ковач
71%
2005/2006 П Радослав Ковач
71%
2006/2007 П Радослав Ковач
71%
2007/2008 П Радослав Ковач
71%
2010/2011 П Эйден Макгиди
71%
2012/2013 П Эйден Макгиди
71%
2020/2021 Н Александр Соболев
71%
2021/2022 Н Александр Соболев
71%
2022/2023 Н Александр Соболев
71%
1995/1996 Н Сергей Юран
67%
2004/2005 З Клементе Родригес
67%
2004/2005 П Денис Бояринцев
67%
2005/2006 З Клементе Родригес
67%
2005/2006 П Денис Бояринцев
67%
2005/2006 П Владимир Быстров
67%
2006/2007 П Владимир Быстров
67%
2007/2008 П Владимир Быстров
67%
2008/2009 П Рафаэл Кариока
67%
2008/2009 П Владимир Быстров
67%
2010/2011 П Рафаэл Кариока
67%
2012/2013 П Рафаэл Кариока
67%
2012/2013 П Ким Чельстрём
67%
2012/13 (ЛЧ) П Рафаэл Кариока
67%
2012/13 (ЛЧ) П Ким Чельстрём
67%
2013/2014 З Сальваторе Боккетти
67%
2013/2014 П Рафаэл Кариока
67%
2013/2014 Н Юра Мовсисян
67%
2014/2015 П Ким Чельстрём
67%
2014/2015 Н Юра Мовсисян
67%
2015/2016 З Сальваторе Боккетти
67%
2015/2016 П Роман Широков
67%
2016/2017 З Сальваторе Боккетти
67%
2018/2019 З Сальваторе Боккетти
67%
1973/1974 Н Никита Симонян
62%
1977/1978 З Олег Романцев
62%
1978/1979 З Олег Романцев
62%
1979/1980 З Олег Романцев
62%
1980/1981 З Олег Романцев
62%
1981/1982 З Олег Романцев
62%
1983/1984 З Александр Бубнов
62%
1984/1985 З Александр Бубнов
62%
1985/1986 З Александр Бубнов
62%
1986/1987 З Александр Бубнов
62%
1987/1988 З Александр Бубнов
62%
1997/1998 З Вадим Евсеев
62%
2001/2002 Н Дмитрий Сычёв
62%
2005/2006 З Мартин Штранцль
62%
2006/2007 З Мартин Штранцль
62%
2006/2007 З Дмитрий Торбинский
62%
2007/2008 З Мартин Штранцль
62%
2008/2009 З Мартин Штранцль
62%
2008/2009 П Алекс
62%
2009/2010 З Мартин Штранцль
62%
2009/2010 П Алекс
62%
2009/2010 П Джано Ананидзе
62%
2010/2011 Н Эммануэль Эменике
62%
2012/2013 П Хосе Мануэль Хурадо
62%
2012/13 (ЛЧ) П Хосе Мануэль Хурадо
62%
2012/13 (ЛЧ) П Динияр Билялетдинов
62%
2012/13 (ЛЧ) Н Эммануэль Эменике
62%
2013/2014 П Хосе Мануэль Хурадо
62%
2015/2016 Н Зе Луиш
62%
2016/2017 Н Зе Луиш
62%
2017/2018 Н Луис Адриано
62%
2018/2019 Н Луис Адриано
62%
2018/2019 Н Зе Луиш
62%
2019/2020 З Самюэль Жиго
62%
2020/2021 З Самюэль Жиго
62%
2021/2022 З Самюэль Жиго
62%
2022/2023 П Даниил Денисов
62%
1973/1974 З Игорь Нетто
57%
1974/1975 П Владимир Петров
57%
1998/1999 З Дмитрий Парфёнов
57%
1999/2000 З Дмитрий Парфёнов
57%
2000/2001 З Дмитрий Парфёнов
57%
2004/2005 З Мартин Йиранек
57%
2005/2006 З Мартин Йиранек
57%
2007/2008 З Мартин Йиранек
57%
2008/2009 З Мартин Йиранек
57%
2009/2010 З Евгений Макеев
57%
2009/2010 З Марек Сухи
57%
2009/2010 Н Ари
57%
2010/2011 З Евгений Макеев
57%
2010/2011 З Николас Пареха
57%
2010/2011 З Марек Сухи
57%
2010/2011 Н Ари
57%
2012/2013 З Евгений Макеев
57%
2012/2013 З Николас Пареха
57%
2012/2013 З Марек Сухи
57%
2012/2013 Н Ари
57%
2012/13 (ЛЧ) З Евгений Макеев
57%
2012/13 (ЛЧ) З Марек Сухи
57%
2012/13 (ЛЧ) Н Ари
57%
2013/2014 З Евгений Макеев
57%
2015/2016 З Евгений Макеев
57%
1978/1979 П Евгений Сидоров
52%
1978/1979 П Юрий Гаврилов
52%
1979/1980 П Юрий Гаврилов
52%
1979/1980 Н Сергей Родионов
52%
1980/1981 П Юрий Гаврилов
52%
1980/1981 Н Сергей Родионов
52%
1981/1982 П Юрий Гаврилов
52%
1981/1982 Н Сергей Родионов
52%
1982/1983 П Юрий Гаврилов
52%
1982/1983 Н Сергей Родионов
52%
1983/1984 П Евгений Сидоров
52%
1983/1984 П Юрий Гаврилов
52%
1983/1984 Н Сергей Родионов
52%
1984/1985 П Юрий Гаврилов
52%
1984/1985 Н Сергей Родионов
52%
1985/1986 Н Сергей Родионов
52%
1986/1987 Н Сергей Родионов
52%
1987/1988 Н Сергей Родионов
52%
1988/1989 Н Сергей Родионов
52%
2000/2001 З Жерри-Крис. Тчуйсе
52%
2001/2002 З Ибра Кебе
52%
2002/2003 З Ибра Кебе
52%
2007/2008 Н Никита Баженов
52%
2008/2009 Н Никита Баженов
52%
1978/1979 Н Георгий Ярцев
48%
1979/1980 Н Георгий Ярцев
48%
1990/1991 Н Дмитрий Радченко
48%
1991/1992 П Андрей Пятницкий
48%
1991/1992 Н Дмитрий Радченко
48%
1992/1993 П Андрей Пятницкий
48%
1993/1994 П Андрей Пятницкий
48%
1994/1995 П Андрей Пятницкий
48%
1998/1999 П Виктор Булатов
48%
1999/2000 П Виктор Булатов
48%
1999/2000 П Артём Безродный
48%
2000/2001 П Виктор Булатов
48%
2002/2003 Н Алекс. Данишевский
48%
2004/2005 Н Фернандо Кавенаги
48%
2005/2006 Н Фернандо Кавенаги
48%
2006/2007 З Роман Шишкин
48%
2014/2015 З Сердар Таски
48%
2015/2016 З Сердар Таски
48%
2016/2017 З Андрей Ещенко
48%
2017/2018 З Андрей Ещенко
48%
2019/2020 П Зелимхан Бакаев
48%
2019/2020 Н Джордан Ларссон
48%
2020/2021 П Виктор Мозес
48%
2020/2021 Н Джордан Ларссон
48%
2021/2022 П Зелимхан Бакаев
48%
2021/2022 П Виктор Мозес
48%
2022/2023 П Виктор Мозес
48%
1978/1979 П Сергей Шавло
43%
1979/1980 П Сергей Шавло
43%
1980/1981 П Сергей Шавло
43%
1981/1982 П Сергей Шавло
43%
1983/1984 П Сергей Шавло
43%
1984/1985 П Сергей Шавло
43%
1986/1987 Н Валерий Шмаров
43%
1987/1988 П Игорь Шалимов
43%
1987/1988 Н Валерий Шмаров
43%
1988/1989 П Василий Кульков
43%
1988/1989 П Игорь Шалимов
43%
1988/1989 Н Валерий Шмаров
43%
1989/1990 З Василий Кульков
43%
1989/1990 П Игорь Шалимов
43%
1989/1990 Н Валерий Шмаров
43%
1990/1991 З Василий Кульков
43%
1990/1991 П Игорь Шалимов
43%
1991/1992 П Игорь Ледяхов
43%
1992/1993 З Рамиз Мамедов
43%
1992/1993 П Игорь Ледяхов
43%
1992/1993 Н Николай Писарев
43%
1993/1994 З Рамиз Мамедов
43%
1993/1994 Н Николай Писарев
43%
1994/1995 Н Николай Писарев
43%
1995/1996 З Рамиз Мамедов
43%
1995/1996 П Василий Кульков
43%
1995/1996 Н Валерий Шмаров
43%
1996/1997 З Сергей Горлукович
43%
1997/1998 З Сергей Горлукович
43%
2000/2001 З Игор Митрески
43%
2001/2002 З Игор Митрески
43%
2003/2004 З Игор Митрески
43%
2008/2009 Н Иван Саенко
43%
2012/13 (ЛЧ) З Хуан Инсаурральде
43%
2014/2015 З Хуан Инсаурральде
43%
2017/2018 П Лоренсо Мельгарехо
43%
2018/2019 П Лоренсо Мельгарехо
43%
2019/2020 П Алекс Крал
43%
2020/2021 П Алекс Крал
43%
1978/1979 З Вагиз Хидиятуллин
38%
1979/1980 З Вагиз Хидиятуллин
38%
1985/1986 З Вагиз Хидиятуллин
38%
1986/1987 З Вагиз Хидиятуллин
38%
1994/1995 З Рашид Рахимов
38%
1998/1999 З Евгений Бушманов
38%
1999/2000 З Евгений Бушманов
38%
2013/2014 П Тино Коста
38%
2013/2014 П Арас Озбилиз
38%
2014/2015 П Ромуло
38%
2014/2015 П Патрик Эберт
38%
2015/2016 П Ромуло
38%
2019/2020 П Гус Тил
38%
1973/1974 П Анатолий Ильин
33%
1982/1983 П Евгений Кузнецов
33%
1983/1984 П Евгений Кузнецов
33%
1984/1985 З Борис Кузнецов
33%
1984/1985 П Евгений Кузнецов
33%
1985/1986 З Борис Кузнецов
33%
1985/1986 П Евгений Кузнецов
33%
1986/1987 З Борис Кузнецов
33%
1987/1988 П Евгений Кузнецов
33%
1988/1989 П Евгений Кузнецов
33%
1997/1998 Н Максим Бузникин
33%
2001/2002 П Дмитрий Кудряшов
33%
2002/2003 З Владислав Ващук
33%
2007/2008 П Кристиан Майдана
33%
2009/2010 П Александр Шешуков
33%
2019/2020 П Андре Шюррле
33%
2020/2021 П Наиль Умяров
33%
2021/2022 П Наиль Умяров
33%
2022/2023 П Наиль Умяров
33%
2022/2023 П Даниил Хлусевич
33%
1973/1974 П Алексей Парамонов
29%
1977/1978 П Валерий Андреев
29%
2000/2001 П Эдуард Цихмейструк
29%
2001/2002 П Эдуард Цихмейструк
29%
2003/2004 Н Михайло Пьянович
29%
2009/2010 П Ибсон
29%
2019/2020 Н Эсекьель Понсе
29%
2020/2021 Н Эсекьель Понсе
29%
1973/1974 П Анатолий Исаев
24%
1974/1975 Н Валерий Рейнгольд
24%
1975/1976 З Геннадий Логофет
24%
1975/1976 П Юрий Сёмин
24%
1975/1976 Н Николай Осянин
24%
1982/1983 З Борис Поздняков
24%
1983/1984 З Борис Поздняков
24%
1986/1987 П Виктор Пасулько
24%
1987/1988 П Виктор Пасулько
24%
1988/1989 З Борис Поздняков
24%
1989/1990 З Борис Поздняков
24%
1994/1995 Н Мухсин Мухамадиев
24%
2001/2002 З Мойзес
24%
2002/2003 З Мойзес
24%
2002/2003 П Максим Деменко
24%
2004/2005 П Сергей Ковальчук
24%
2005/2006 П Сергей Ковальчук
24%
2018/2019 З Николай Рассказов
24%
2019/2020 З Айртон Лукас
24%
2020/2021 З Айртон Лукас
24%
2021/2022 З Айртон Лукас
24%
2022/2023 З Никита Чернов
24%
1973/1974 З Анатолий Маслёнкин
19%
1973/1974 П Сергей Сальников
19%
1974/1975 З Алексей Корнеев
19%
1975/1976 З Галимзян Хусаинов
19%
1976/1977 П Николай Абрамов
19%
1976/1977 П Виктор Папаев
19%
1985/1986 П Юрий Суслопаров
19%
1985/1986 П Алексей Ерёменко
19%
1986/1987 П Юрий Суслопаров
19%
1989/1990 П Геннадий Перепаденко
19%
1990/1991 П Геннадий Перепаденко
19%
1996/1997 З Мирослав Ромащенко
19%
1997/1998 З Мирослав Ромащенко
19%
2003/2004 П Горан Тробок
19%
2004/2005 З Игнас Дедура
19%
2007/2008 З Малик Фати
19%
2008/2009 З Малик Фати
19%
2017/2018 П Марио Пашалич
19%
2022/2023 З Мацей Рыбус
19%
1973/1974 З Михаил Огоньков
14%
1973/1974 Н Борис Татушин
14%
1974/1975 П Анатолий Крутиков
14%
1976/1977 П Николай Киселёв
14%
1978/1979 З Александр Мирзоян
14%
1979/1980 З Александр Мирзоян
14%
1980/1981 П Эдгар Гесс
14%
1981/1982 З Владимир Щербак
14%
1981/1982 З Геннадий Морозов
14%
1981/1982 П Эдгар Гесс
14%
1982/1983 З Геннадий Морозов
14%
1983/1984 З Геннадий Морозов
14%
1984/1985 З Геннадий Морозов
14%
1984/1985 П Сергей Новиков
14%
1988/1989 З Геннадий Морозов
14%
1991/1992 З Андрей Чернышов
14%
2003/2004 З Флорин Шоавэ
14%
2006/2007 З Флорин Шоавэ
14%
1974/1975 П Юрий Севидов
10%
1975/1976 З Юрий Фалин
10%
1975/1976 З Слава Амбарцумян
10%
1976/1977 Н Василий Калинов
10%
1977/1978 З Сергей Ольшанский
10%
1977/1978 З Владимир Букиевский
10%
1977/1978 З Виктор Самохин
10%
1977/1978 П Михаил Булгаков
10%
1977/1978 Н Валерий Гладилин
10%
1977/1978 Н Александр Минаев
10%
1978/1979 З Владимир Букиевский
10%
1978/1979 З Виктор Самохин
10%
1979/1980 З Виктор Самохин
10%
1979/1980 П Александр Сорокин
10%
1980/1981 З Владимир Сочнов
10%
1980/1981 З Сергей Швецов
10%
1980/1981 З Виктор Самохин
10%
1980/1981 Н Алекс. Калашников
10%
1981/1982 З Владимир Сочнов
10%
1981/1982 З Сергей Швецов
10%
1982/1983 З Владимир Сочнов
10%
1982/1983 З Сергей Базулев
10%
1982/1983 П Валерий Гладилин
10%
1983/1984 З Владимир Сочнов
10%
1984/1985 З Владимир Сочнов
10%
1985/1986 З Альмир Каюмов
10%
1985/1986 Н Андрей Рудаков
10%
1986/1987 З Александр Бокий
10%
1987/1988 З Юрий Суров
10%
1988/1989 З Сергей Базулев
10%
1988/1989 З Александр Бокий
10%
1989/1990 З Сергей Базулев
10%
1991/1992 Н Валерий Попович
10%
2003/2004 З Адриан Йенчи
10%
2015/2016 П Ивелин Попов
10%
2016/2017 П Ивелин Попов
10%
2018/2019 П Софьян Ханни
10%
2021/2022 З Макс Кофрие
10%
1973/1974 З Николай Тищенко
5%
1974/1975 З Анатолий Солдатов
5%
1974/1975 П Виктор Чистяков
5%
1976/1977 Н Джемал Силагадзе
5%
1982/1983 З Евгений Милешкин
5%
1990/1991 З Андрей Мох
5%
1991/1992 З Андрей Мох
5%
1996/1997 П Алексей Бахарев
5%
1974/1975 З Юрий Седов
0%
1974/1975 З Иван Мозер
0%
1974/1975 Н Валерий Дикарев
0%
1975/1976 П Немесио Посуэло
0%
1975/1976 П Иван Варламов
0%
1975/1976 П Сергей Рожков
0%
1975/1976 Н Влад. Янишевский
0%
1976/1977 З Владимир Янкин
0%
1976/1977 З Александр Гребнев
0%
1976/1977 З Виктор Евлентьев
0%
1977/1978 П Александр Пискарёв
0%
1977/1978 П Виталий Мирзоев
0%
No matching quizzes found
Score Distribution
Percent of People with Each Score
Percentile by Number Answered
Your Score History
You have not taken this quiz